Statistiques concernant Capitales en 4 lettres

Cliquez ici pour prendre le quiz!

Statistiques générales

  • Ce quiz a été pris 172 fois
  • Le résultat moyen est 7 sur 11

Statistiques - réponses

Capitales% Correct
Oslo
81%
Riga
77%
Rome
77%
Lima
75%
Lomé
71%
Doha
64%
Kiev
64%
Suva
59%
Dili
58%
Malé
54%
Apia
53%

Distribution des résultats

Percentile par nombre de réponses

% des personnes avec chaque résultat

Votre développement - résultats

Vous n’avez pas pris ce quiz